000 00384nam a22001577a 4500
005 20200524102436.0
008 200524b xxu||||| |||| 00| 0 eng d
041 _aeng
082 _a340
100 _aBARE ACT
_95744
245 _aTHE CABLE TELEVISION NET-WORKS ACT1995 (7 TO 1995)
260 _aDELHI
_bPROFESSIONALS BOOKS
300 _a78,p
650 _aLAW
_95701
942 _cBK
999 _c6485
_d6483